书目信息 |
| 题名: |
拖拉机使用经验汇编
|
|
| 作者: | 本社 编 | |
| 分册: | 一 | |
| 出版信息: | 北京 中国工业出版社 1966.06 |
|
| 页数: | 223页 | |
| 开本: | 19cm | |
| 丛书名: | ||
| 单 册: | ||
| 中图分类: | S232 | |
| 科图分类: | ||
| 主题词: | 农业机械化 | |
| 电子资源: | ||
| ISBN: | ||
| 000 | 00532nam0 2200193 45 | |
| 001 | 0405210924 | |
| 005 | 20040521091812.8 | |
| 010 | @dCNY0.90 | |
| 100 | @a20040521d1966 km y0chiy0120 ea | |
| 101 | 0 | @achi |
| 105 | @a z 000yy | |
| 200 | 1 | @a拖拉机使用经验汇编@h一@ATuo La Ji Shi Yong Jing Yan Hui Bian@f本社编@FBen She Bian |
| 210 | @a北京@c中国工业出版社@d1966.06 | |
| 215 | @a223页@d19cm | |
| 606 | 0 | @a农业机械化 |
| 690 | @aS232@v3 | |
| 701 | 0 | @a本社@4编 |
| 801 | @aCN@bPftUser@c20040521 | |
| 905 | @f2@b17323-324@dS232@e4:1 | |
| 拖拉机使用经验汇编.一/本社编.-北京:中国工业出版社,1966.06 |
| 223页;19cm |
| ISBN :CNY0.90 |
| ● |
| 相关链接 |
|
|
|
|
正题名:拖拉机使用经验汇编
索取号:S232/4:1
 
预约/预借
| 序号 | 登录号 | 条形码 | 馆藏地/架位号 | 状态 | 备注 |
| 1 | 0017323 | 000717996 | 第三借阅区/ [索取号:S232/4:1] | 在馆 | |
| 2 | 0017324 | 000718003 | 第三借阅区/ [索取号:S232/4:1] | 在馆 |